000 00524nam a2200193Ia 4500
005 20250508152248.0
008 008 250505s9999 xx 000 0 eng d
037 _aTextual
040 _aFEDL
_beng
_cFEDL
041 _aeng
_2eng
084 _a371, CHA
_qFEDL
100 _aChamberlain Leo M
_993212
245 0 _aTeacher and school organization
260 _aEnglewood Cliffs
_b Prentice-Hall
_c1958
300 _a550p.
650 _aEducation
942 _cTEXL
_h371, CHA
999 _c1335361
_d1335361